00566nam a22001817a 4500082001500000100001700015245005900032260003500091300000800126490002300134505002100157650003200178650000900210650001300219942000700232999001500239952013000254 a541.28 MAG aMageswaran,R aPhysical And Theoretical Chemistry: Quantum Mechanics aColombobOpen Universityc1987 a74p a Level 4- PSU 2115 aBachelor Science achemistry,quantum mechanics aOUSL aPSU 2115 cBK c3492d3492 0010708NFICaMLCampusbMLCampuscGENd2016-08-16l7m2o541.28 MAGp001708r2025-10-18 15:06:29s2025-10-06w2016-08-16yBK